[Event "San Francisco Training"]
[Site "San Francisco"]
[Date "2017.07.29"]
[Round "5.4"]
[White "Musso Balkenende, Martin"]
[Black "Rinaldi, Juan Pablo"]
[Result "1-0"]
[WhiteElo "1279"]
[BlackElo "1200"]
[PlyCount "39"]
[EventDate "2017.07.29"]
[EventType "swiss"]
[EventRounds "7"]
[EventCountry "ARG"]
[SourceTitle "EXT 2024"]
[Source "ChessBase"]
[SourceDate "2023.10.10"]
[SourceVersion "1"]
[SourceVersionDate "2023.10.10"]
[SourceQuality "1"]

1. e4 e5 2. f4 d6 3. d3 Nf6 4. Nf3 Be6 5. f5 Bd7 6. Nc3 Nc6 7. Bg5 Be7 8. Bxf6 Bxf6 9. Nd5 0-0 10. g4 Nd4 11. h4 c6 12. Nxf6+ Qxf6 13. g5 Qe7 14. Nxd4 exd4 15. Qf3 c5 16. Rg1 d5 17. f6 gxf6 18. gxf6+ Kh8 19. fxe7 Rfe8 20. Qf6# 1-0